000
00265nam a22001217a 4500
003
SGT
082
_a
343.0999
_b
UNI
100
_a
UNIVERSAL
245
_a
THE INFORMATION TECHNOLOGY ACT 2000
260
_a
GURUGRAM
_b
UNIVERSAL
_c
2026
300
_a
307
942
_2
ddc
_c
BK
999
_c
34082
_d
34082